Resumé de la Conférence Scientifique á Sarcelles (Record no. 143945)

MARC details
000 -LEADER
campo de control de longitud fija 00682nam a2200193 4500
001 - NÚMERO DE CONTROL
campo de control 143945
003 - IDENTIFICADOR DE NÚMERO DE CONTROL
campo de control ES-MaACL
005 - FECHA Y HORA DE LA ÚLTIMA TRANSACCIÓN
campo de control 20230906200919.0
007 - CAMPO FIJO DE DESCRIPCIÓN FÍSICA--INFORMACIÓN GENERAL
campo de control de longitud fija t|
008 - DATOS DE LONGITUD FIJA--INFORMACIÓN GENERAL
campo de control de longitud fija 070214q1952 it r ||||1| fre d
110 2# - ENTRADA PRINCIPAL--NOMBRE DE ENTIDAD CORPORATIVA
Nombre de entidad corporativa o nombre de jurisdicción como elemento de entrada Shevchenko Scientific Society.
9 (RLIN) 6594
245 10 - MENCIÓN DEL TÍTULO
Título Resumé de la Conférence Scientifique á Sarcelles
Resto del título : Paris 15-16 IX 1952 /
Mención de responsabilidad, etc. Shevchenko Scientific Society.
260 ## - PUBLICACIÓN, DISTRIBUCIÓN, ETC.
Lugar de publicación, distribución, etc. Roma :
Nombre del editor, distribuidor, etc. Scuola Salesiana del Libro,
Fecha de publicación, distribución, etc. [1952?]
300 ## - DESCRIPCIÓN FÍSICA
Extensión 63 p. ;
Dimensiones 24 cm.
500 ## - NOTA GENERAL
Nota general Es separata de `Analecta O.S.B.M.`, tomo I., fasc. 4.
711 1# - ENTRADA AGREGADA--NOMBRE DE REUNIÓN
Nombre de congreso/reunión o jurisdicción como elemento de entrada Conférence Scientifique (
Sede del congreso/Lugar de la reunión Sarcelles (
Fecha del congreso o de la firma del tratado 1952)
9 (RLIN) 220946
852 ## - LOCALIZACIÓN
Ubicación ES-MaACL
Número de control de estantería 1962-F-4
Sublocalización o colección R.36077
Holdings
Estatus retirado Estado de pérdida Estado de daño No para préstamo Colección Biblioteca de origen Biblioteca actual Ubicación en estantería Fecha de adquisición Fuente de adquisición Total de préstamos Signatura topográfica completa Código de barras Visto por última vez Precio de reemplazo Tipo de ítem Koha
        Colección de folletos Biblioteca del Ateneo de Madrid Biblioteca del Ateneo de Madrid Depósito folletos 17/01/2008     1962-F-4 1149763 23/02/2023 23/02/2023 Folleto